La abolición y la Sociedad Abolicionista Española en 1873 : (Record no. 156785)

MARC details
000 -LEADER
campo de control de longitud fija 01065nam a22002295i 4500
001 - NÚMERO DE CONTROL
campo de control 156785
003 - IDENTIFICADOR DE NÚMERO DE CONTROL
campo de control ES-MaACL
005 - FECHA Y HORA DE LA ÚLTIMA TRANSACCIÓN
campo de control 20250902103718.0
008 - DATOS DE LONGITUD FIJA--INFORMACIÓN GENERAL
campo de control de longitud fija 040804s1874 sp |||| | spa d
080 ## - NÚMERO DE LA CLASIFICACIÓN DECIMAL UNIVERSAL
Número de la Clasificación Decimal Universal 326.8:061.235(460.27 M.)
080 ## - NÚMERO DE LA CLASIFICACIÓN DECIMAL UNIVERSAL
Número de la Clasificación Decimal Universal 326.8(729.1)
080 ## - NÚMERO DE LA CLASIFICACIÓN DECIMAL UNIVERSAL
Número de la Clasificación Decimal Universal 326.8(729.5)
100 1# - ENTRADA PRINCIPAL--NOMBRE DE PERSONA
Nombre de persona Labra, Rafael M. de,
Fechas asociadas al nombre 1840-1918
9 (RLIN) 69273
245 13 - MENCIÓN DEL TÍTULO
Título La abolición y la Sociedad Abolicionista Española en 1873 :
Resto del título discurso pronunciado en la Junta General de socios celebrada el 1º de enero de 1874 en el salón de sesiones de la Academia Matritense de Jurisprudencia y Legislación /
Mención de responsabilidad, etc. por el vicepresidente de la Sociedad Rafael M. de Labra.
260 ## - PUBLICACIÓN, DISTRIBUCIÓN, ETC.
Lugar de publicación, distribución, etc. Madrid :
Nombre del editor, distribuidor, etc. Sociedad Abolicionista Española,
Fecha de publicación, distribución, etc. 1874 (
Fabricante Imp. de M.G. Hernández)
300 ## - DESCRIPCIÓN FÍSICA
Extensión 58 p. ;
Dimensiones 18 cm.
610 24 - PUNTO DE ACCESO ADICIONAL DE MATERIA--NOMBRE DE ENTIDAD CORPORATIVA
Nombre de entidad corporativa o nombre de jurisdicción como elemento de entrada Sociedad Abolicionista Española
9 (RLIN) 6627
650 #4 - PUNTO DE ACCESO ADICIONAL DE MATERIA--TÉRMINO DE MATERIA
Término de materia o nombre geográfico como elemento de entrada Esclavitud-
Subdivisión geográfica Cuba.
9 (RLIN) 138905
650 #4 - PUNTO DE ACCESO ADICIONAL DE MATERIA--TÉRMINO DE MATERIA
Término de materia o nombre geográfico como elemento de entrada Esclavitud-
Subdivisión geográfica Puerto Rico
9 (RLIN) 12363
852 4# - LOCALIZACIÓN
Ubicación ES-MaACL
Número de control de estantería T-167-F-6
Nota libre - Enc. hol., falto de cub. original
-- - Enc. en un vol. facticio
Holdings
Estatus retirado Estado de pérdida Estado de daño No para préstamo Colección Biblioteca de origen Biblioteca actual Ubicación en estantería Fecha de adquisición Total de préstamos Signatura topográfica completa Código de barras Visto por última vez Precio de reemplazo Tipo de ítem Koha
        Colección de folletos Biblioteca del Ateneo de Madrid Biblioteca del Ateneo de Madrid Depósito folletos 17/01/2008   T-167-F-6 1164037 23/02/2023 23/02/2023 Folleto